Routledge handbook of contemporary India / (Record no. 592712)

000 -LEADER
fixed length control field 01389cam a2200337 i 4500
001 - CONTROL NUMBER
control field 18622775
005 - DATE AND TIME OF LATEST TRANSACTION
control field 20221216120158.0
008 - FIXED-LENGTH DATA ELEMENTS--GENERAL INFORMATION
fixed length control field 150519s2016 enka b 001 0 eng
010 ## - LIBRARY OF CONGRESS CONTROL NUMBER
LC control number 2015005886
020 ## - INTERNATIONAL STANDARD BOOK NUMBER
International Standard Book Number 9780415738651 (hbk. : alk. paper)
020 ## - INTERNATIONAL STANDARD BOOK NUMBER
International Standard Book Number 9781315682570 (ebk.)
040 ## - CATALOGING SOURCE
Original cataloging agency DLC
Language of cataloging eng
Transcribing agency DLC
Description conventions rda
Modifying agency DLC
042 ## - AUTHENTICATION CODE
Authentication code pcc
043 ## - GEOGRAPHIC AREA CODE
Geographic area code a-ii---
050 00 - LIBRARY OF CONGRESS CALL NUMBER
Classification number HN683.5
Item number .J33 2016
082 00 - DEWEY DECIMAL CLASSIFICATION NUMBER
Classification number 306.0954,ROU
Edition number 23
100 1# - MAIN ENTRY--PERSONAL NAME
Personal name Jacobsen, Knut A.,
Dates associated with a name 1956-
9 (RLIN) 105055
245 10 - TITLE STATEMENT
Title Routledge handbook of contemporary India /
Statement of responsibility, etc. edited by Knut A. Jacobsen.
264 #1 - PRODUCTION, PUBLICATION, DISTRIBUTION, MANUFACTURE, AND COPYRIGHT NOTICE
Place of production, publication, distribution, manufacture London ;
-- New York :
Name of producer, publisher, distributor, manufacturer Routledge, Taylor & Francis Group,
Date of production, publication, distribution, manufacture, or copyright notice 2016.
300 ## - PHYSICAL DESCRIPTION
Extent xvi, 506 pages :
Other physical details illustrations ;
Dimensions 26 cm
336 ## - CONTENT TYPE
Content type term text
Source rdacontent
337 ## - MEDIA TYPE
Media type term unmediated
Source rdamedia
338 ## - CARRIER TYPE
Carrier type term volume
Source rdacarrier
505 ## - FORMATTED CONTENTS NOTE
Formatted contents note Part I Foundation (Page-19), Part II India and the World (Page-119), Part III Society, Class, Caste and Gender (Page-201), Part IV Religion and Diversity (Page-311), Part V Cultural Change and Innovations (Page-427).
651 #0 - SUBJECT ADDED ENTRY--GEOGRAPHIC NAME
Geographic name India
General subdivision Social conditions.
9 (RLIN) 81113
651 #0 - SUBJECT ADDED ENTRY--GEOGRAPHIC NAME
Geographic name India
General subdivision Economic conditions.
9 (RLIN) 81112
651 #0 - SUBJECT ADDED ENTRY--GEOGRAPHIC NAME
Geographic name India
General subdivision History
Chronological subdivision Partition, 1947.
9 (RLIN) 204
906 ## - LOCAL DATA ELEMENT F, LDF (RLIN)
a 7
b cbc
c orignew
d 1
e ecip
f 20
g y-gencatlg
942 ## - ADDED ENTRY ELEMENTS (KOHA)
Source of classification or shelving scheme
Koha item type Book
Call number prefix 306.0954,ROU
Holdings
Withdrawn status Lost status Source of classification or shelving scheme Damaged status Not for loan Permanent Location Current Location Shelving location Date acquired Total Checkouts Full call number Barcode Date last seen Price effective from Koha item type Public note
          Military College of Signals (MCS) Military College of Signals (MCS) General Stacks 12/16/2022   306.0954,ROU MCS37526 12/16/2022 12/16/2022 Book Almirah No.49, Shelf No.2
© 2023 Central Library, National University of Sciences and Technology. All Rights Reserved.